| 000 | 00441nam a22001697a 4500 | ||
|---|---|---|---|
| 999 |
_c20154 _d20154 |
||
| 003 | BDDh-ASL | ||
| 005 | 20231015025842.0 | ||
| 008 | 201226s1969 enk||||| |||| 00| 0 eng d | ||
| 040 | _cBDDh-ASL | ||
| 082 |
_a293.4 _bBUB |
||
| 100 | 1 |
_92596 _aBurlingame, Eugene Watson |
|
| 245 | 1 | 0 | _aBuddhist Legends. Part 2/ |
| 260 |
_aLondon: _bLuzac & Company, _c1969. |
||
| 300 |
_a366 p.: _c26 cm. |
||
| 650 | 0 |
_91511 _aBuddhism |
|
| 942 |
_2ddc _cBK |
||